| 000 | 00551nam a22001817a 4500 | ||
|---|---|---|---|
| 005 | 20260219113106.0 | ||
| 008 | 260219b |||||||| |||| 00| 0 eng d | ||
| 020 | _a9781498750424 | ||
| 050 |
_aRA1226 _b.L35 |
||
| 100 | _aLANDIS, WAYNE G. | ||
| 245 |
_aINTRODUCTION TO ENVIRONMENTAL TOXICOLOGY _bMOLECULAR SUBSTANCES TO ECOLOGICAL LANDSCAPES |
||
| 250 | _a5TH | ||
| 260 |
_aBOCA RATON _bCRC PRESS _c2018 |
||
| 300 |
_aXX, 470p. _billus |
||
| 650 |
_aPOLLUTION _vENVIRONMENTAL TOXICOLOGY |
||
| 700 | _a2. SOFIELD, RUTH M. 3. YU, MING-HO | ||
| 942 | _cBK | ||
| 999 |
_c4554 _d4554 |
||